[Event "Kensington op 2nd"]
[Site "Imperial College London"]
[Date "1999.??.??"]
[Round "5"]
[White "Crouch, Colin S"]
[Black "Adelaja, Abimbola"]
[Result "0-1"]
[WhiteElo "2430"]
[BlackElo "2145"]
[PlyCount "72"]
[EventDate "1999.06.19"]
[EventType "swiss"]
[EventRounds "6"]
[EventCountry "ENG"]
[SourceTitle "EXT 2002"]
[Source "ChessBase"]
[SourceDate "2001.11.25"]
[SourceVersion "1"]
[SourceVersionDate "2001.11.25"]
[SourceQuality "1"]

1. d4 Nf6 2. c4 e6 3. Nf3 Bb4+ 4. Nbd2 0-0 5. a3 Bxd2+ 6. Bxd2 b6 7. Bg5 Bb7 8. e3 d6 9. Bd3 Nbd7 10. Qc2 h6 11. Bh4 e5 12. Bh7+ Kh8 13. Bf5 Qe8 14. dxe5 dxe5 15. 0-0-0 Bc6 16. Rhg1 a5 17. Nd2 Ng8 18. Ne4 Nc5 19. Nxc5 bxc5 20. Rd2 Rb8 21. Qc3 f6 22. Bc2 a4 23. f3 Qe7 24. Rgd1 Rb6 25. Qd3 g5 26. Qf5 Qf7 27. Bf2 Rfb8 28. Rd8 Rxb2 29. Rxb8 Rxb8 30. h4 Ne7 31. Qh3 g4 32. Qxg4 Rg8 33. Qh3 Qxc4 34. h5 Qa2 35. Bh4 Qxa3+ 36. Kd2 Nd5 0-1